Estatísticas para Distritos de Mato Grosso em um Mapa

Clique aqui para jogar o quiz

Estatísticas Gerais

  • Esse quiz foi jogado 11 vezes
  • A pontuação média é 56 de 260

Respostas no mapa

Respostas codificadas por cores de uma escala verde-vermelha no mapa do quiz de acordo com a % correta abaixo.
 

Estatísticas das Respostas

MunicípioDistrito% Correto
CuiabáCuiabá
88%
RondonópolisRondonópolis
63%
Várzea GrandeVárzea Grande
63%
Lucas do Rio VerdeGroslândia
50%
Lucas do Rio VerdeLucas do Rio Verde
50%
Nova MaringáNova Maringá
50%
SinopSinop
50%
SorrisoSorriso
50%
Tangará da SerraTangará da Serra
50%
AcorizalAcorizal
38%
Água BoaÁgua Boa
38%
Alta FlorestaAlta Floresta
38%
Alto ParaguaiAlto Paraguai
38%
ApiacásApiacás
38%
AraguainhaAraguainha
38%
AripuanãAripuanã
38%
Barra do GarçasBarra do Garças
38%
BrasnorteBrasnorte
38%
CáceresCáceres
38%
CanaranaCanarana
38%
Chapada dos GuimarãesChapada dos Guimarães
38%
ColíderColíder
38%
ColnizaColniza
38%
ComodoroComodoro
38%
NobresCoqueiral
38%
DeniseDenise
38%
DiamantinoDiamantino
38%
Feliz NatalFeliz Natal
38%
JaciaraJaciara
38%
JuínaJuína
38%
MatupáMatupá
38%
Mirassol d'OesteMirassol d'Oeste
38%
NobresNobres
38%
Nova MutumNova Mutum
38%
PoconéPoconé
38%
Pontes e LacerdaPontes e Lacerda
38%
Porto dos GaúchosPorto dos Gaúchos
38%
PoxoréuPoxoréu
38%
SorrisoPrimavera
38%
Primavera do LestePrimavera do Leste
38%
RondolândiaRondolândia
38%
Santo Antônio
do Leverger
Santo Antônio
do Leverger
38%
São José dos
Quatro Marcos
São José dos
Quatro Marcos
38%
TapurahTapurah
38%
VeraVera
38%
Vila Bela da
Santíssima Trindade
Vila Bela da
Santíssima Trindade
38%
Vila RicaVila Rica
38%
Alto AraguaiaAlto Araguaia
25%
Alto GarçasAlto Garças
25%
Alto TaquariAlto Taquari
25%
AraputangaAraputanga
25%
ArenápolisArenápolis
25%
Barão de MelgaçoBarão de Melgaço
25%
Barra do BugresBarra do Bugres
25%
SorrisoBoa Esperança
25%
Várzea GrandeBom Sucesso
25%
Alto AraguaiaBuriti
25%
Campo Novo do ParecisCampo Novo do Parecis
25%
Campo VerdeCampo Verde
25%
Canabrava do NorteCanabrava do Norte
25%
PoconéCangas
25%
Várzea GrandeCapão Grande
25%
CáceresCaramujo
25%
SorrisoCaravágio
25%
CarlindaCarlinda
25%
CastanheiraCastanheira
25%
JuaraCatuaí
25%
CláudiaCláudia
25%
CocalinhoCocalinho
25%
Nova Canaã do NorteColorado do Norte
25%
ConfresaConfresa
25%
CotriguaçuCotriguaçu
25%
CuiabáCoxipó do Ouro
25%
CurvelândiaCurvelândia
25%
Figueirópolis D'OesteFigueirópolis D'Oeste
25%
JuínaFontanillas
25%
Gaúcha do NorteGaúcha do Norte
25%
General CarneiroGeneral Carneiro
25%
Glória D'OesteGlória D'Oeste
25%
Guarantã do NorteGuarantã do Norte
25%
CuiabáGuia
25%
CáceresHorizonte do Oeste
25%
IndiavaíIndiavaí
25%
Ipiranga do NorteIpiranga do Norte
25%
ItanhangáItanhangá
25%
Novo São JoaquimItaquerê
25%
ItaúbaItaúba
25%
ItiquiraItiquira
25%
Água BoaJaraguá
25%
JauruJauru
25%
JuaraJuara
25%
JuruenaJuruena
25%
JuscimeiraJuscimeira
25%
LuciaraLuciara
25%
Nova BandeirantesNova Bandeirantes
25%
Nova BrasilândiaNova Brasilândia
25%
Nova Canaã do NorteNova Canaã do Norte
25%
Nova MarilândiaNova Marilândia
25%
Nova Monte VerdeNova Monte Verde
25%
Nova NazaréNova Nazaré
25%
Nova Santa HelenaNova Santa Helena
25%
Nova XavantinaNova Xavantina
25%
Novo Santo AntônioNovo Santo Antônio
25%
Nova Canaã do NorteOuro Branco
25%
ParanaítaParanaíta
25%
ParanatingaParanatinga
25%
JuaraParanorte
25%
General CarneiroParedão Grande
25%
Várzea GrandePassagem da Conceição
25%
Pedra PretaPedra Preta
25%
Peixoto de AzevedoPeixoto de Azevedo
25%
Porto Alegre do NortePorto Alegre do Norte
25%
Porto EsperidiãoPorto Esperidião
25%
Várzea GrandePorto Velho
25%
Tangará da SerraProgresso
25%
QuerênciaQuerência
25%
Ribeirão CascalheiraRibeirão Cascalheira
25%
Rosário OesteRosário Oeste
25%
Santa Cruz do XinguSanta Cruz do Xingu
25%
Santa Rita do TrivelatoSanta Rita do Trivelato
25%
Santa TerezinhaSanta Terezinha
25%
Santo AfonsoSanto Afonso
25%
Santo Antônio do LesteSanto Antônio do Leste
25%
São Félix do AraguaiaSão Félix do Araguaia
25%
Tangará da SerraSão Joaquim
25%
Tangará da SerraSão Jorge
25%
CampinápolisSão José do Couto
25%
Pedra PretaSão José do Planalto
25%
São José do PovoSão José do Povo
25%
São José do Rio ClaroSão José do Rio Claro
25%
São José do XinguSão José do Xingu
25%
SapezalSapezal
25%
TabaporãTabaporã
25%
JuínaTerra Roxa
25%
CuiabáAguaçu
13%
BrasnorteÁgua da Prata
13%
Chapada dos GuimarãesÁgua Fria
13%
Vila Bela da
Santíssima Trindade
Aguapeí
13%
JuaraÁguas Claras
13%
GuiratingaAlcantilado
13%
AcorizalAldeia
13%
Alto Boa VistaAlto Boa Vista
13%
PoxoréuAlto Coité
13%
RondonópolisAnhumas
13%
AraguaianaAraguaiana
13%
Rosário OesteArruda
13%
Barra do BugresAssari
13%
TesouroBatovi
13%
AcorizalBaús
13%
Rosário OesteBauxi
13%
CáceresBezerro Branco
13%
RondonópolisBoa Vista
13%
NobresBom Jardim
13%
Bom Jesus do AraguaiaBom Jesus do Araguaia
13%
Santo Antônio
do Leverger
Caité
13%
CampinápolisCampinápolis
13%
Campos de JúlioCampos de Júlio
13%
Alto ParaguaiCapão Verde
13%
TesouroCassununga
13%
JaciaraCelma
13%
ComodoroColônia dos Mineiros
13%
Conquista D'OesteConquista D'Oeste
13%
AripuanãConselvan
13%
Campo VerdeCoronel Ponce
13%
QuerênciaCoutinho União
13%
CuiabáCoxipó da Ponte
13%
Salto do CéuCristinópolis
13%
Dom AquinoDom Aquino
13%
Santo Antônio
do Leverger
Engenho Velho
13%
Dom Aquino | Nova UbiratãEntre Rios
13%
São Félix do AraguaiaEspigão do Leste
13%
JuínaFiladélfia
13%
ColnizaGuariba
13%
GuiratingaGuiratinga
13%
Barra do GarçasIndianópolis
13%
JuscimeiraIrenópolis
13%
Campo Novo do ParecisItanorte
13%
JangadaJangada
13%
Nova BandeirantesJapuranã
13%
PoxoréuJarudore
13%
Barão de MelgaçoJoselândia
13%
Lambari D'OesteLambari D'Oeste
13%
Alto ParaguaiLavouras
13%
MarcelândiaMarcelândia
13%
Campo Novo do ParecisMarechal Rondon
13%
Rosário OesteMarzagão
13%
Santo Antônio
do Leverger
Mimoso
13%
Terra Nova do NorteMiraguaí do Norte
13%
Glória D'OesteMonte Castelo D'Oeste
13%
Terra Nova do NorteNona Agrovila
13%
Terra Nova do NorteNonoaí do Norte
13%
ComodoroNoroagro
13%
NortelândiaNortelândia
13%
Nossa Senhora
do Livramento
Nossa Senhora
do Livramento
13%
ComodoroNova Alvorada
13%
São José do PovoNova Catanduva
13%
CuiabáNova Esperança
(Pequizeiro)
13%
RondonópolisNova Galiléia
13%
Nova GuaritaNova Guarita
13%
Nova LacerdaNova Lacerda
13%
Nova OlímpiaNova Olímpia
13%
Nova UbiratãNova Ubiratã
13%
CotriguaçuNova União
13%
TapurahNovo Eldorado
13%
Novo Horizonte do NorteNovo Horizonte do Norte
13%
Nova UbiratãNovo Mato Grosso
13%
Novo MundoNovo Mundo
13%
Novo São JoaquimNovo São Joaquim
13%
ComodoroPadronal
13%
PoxoréuParaíso do Leste
13%
Nova UbiratãParque Água Limpa
13%
Nova UbiratãPiratininga
13%
Nossa Senhora
do Livramento
Pirizal
13%
Planalto da SerraPlanalto da Serra
13%
Pontal do AraguaiaPontal do Araguaia
13%
Ponte BrancaPonte Branca
13%
Porto EstrelaPorto Estrela
13%
Reserva do CabaçalReserva do Cabaçal
13%
Nossa Senhora
do Livramento
Ribeirão dos Cocais
13%
RibeirãozinhoRibeirãozinho
13%
Rio BrancoRio Branco
13%
Chapada dos GuimarãesRio da Casca
13%
Nova BrasilândiaRiolândia
13%
Salto do CéuSalto do Céu
13%
Santa CarmemSanta Carmem
13%
JuscimeiraSanta Elvira
13%
São José dos
Quatro Marcos
Santa Fé
13%
Nova UbiratãSanta Terezinha
do Rio Ferro
13%
São José do XinguSanto Antônio
do Fontoura
13%
Nova UbiratãSanto Antônio
do Rio Bonito
13%
JuscimeiraSão Lourenço de Fátima
13%
São Pedro da CipaSão Pedro da Cipa
13%
Serra Nova DouradaSerra Nova Dourada
13%
Água BoaSerrinha
13%
Mirassol d'OesteSonho Azul
13%
Barra do BugresTapirapuã
13%
Terra Nova do NorteTerra Nova do Norte
13%
TesouroTesouro
13%
Barra do GarçasToricueije
13%
TorixoréuTorixoréu
13%
Nova XavantinaUnião do Leste
13%
União do SulUnião do Sul
13%
Vale de São DomingosVale de São Domingos
13%
Barra do GarçasVale dos Sonhos
13%
GuiratingaVale Rico
13%
Santo Antônio
do Leverger
Varginha
13%
ConfresaVeranópolis
13%
RondonópolisVila Operária
13%
Salto do CéuVila Progresso
13%
Nossa Senhora
do Livramento
Faval
0%
JauruLucialva
0%
PoconéNossa Senhora
Aparecida do Chumbo
0%
CáceresNova Cáceres
0%
Porto EsperidiãoPedro Neca
0%
Nova MutumRanchão
0%
ParanatingaSalto da Alegria
0%
CuiabáSucuri
0%
Peixoto de AzevedoUnião do Norte
0%
Porto EsperidiãoVila Cardoso
0%

Distribuição das Pontuações

Percentil de Números Respondidos

Porcentagem de Pessoas com Cada Pontuação

Sua Pontuação Histórica

Você não jogou esse quiz